000 00971nam0a22002531 4500
001 rc\3819997
005 20260407020843.0
021 _aRU
_bРг15197-75
021 _aRU
_b75-85787
035 _a(NLR Aleph) 007269829
090 _a5397377
_c5397377
100 _a20120410d1975 |||y0rusy50 ca
101 0 _arus
102 _aRU
_aRU
105 _ay z |||||
200 1 _aФизическое развитие школьников г. Петропавловска-Камчатского
_e(Метод. материалы)
_fМ-во здрав. РСФСР. Новосиб. науч.-исслед. сан. ин-т
210 _aНовосибирск
_cБ. и.
_d1975
215 _a36 с.
_d22
712 0 2 _aНовосибирский научно-исследовательский санитарный институт
_3RU\NLR\AUTH\8810005728
_9508872
801 0 _aRU
_bNLR
_gpsbo
801 1 _aRU
_bELAR
_2rusmarc
852 _aNLR
_j75-6/5354
942 _cBOOK
980 _aNB